[Event "33rd World U20 ch"]
[Site "Matinhos BRA"]
[Date "1994.09.??"]
[Round "10"]
[White "Pcola, Pavol"]
[Black "Riegler, Primoz"]
[Result "1/2-1/2"]
[WhiteElo "2280"]
[BlackElo "2250"]
[EventDate "1994.09.03"]
[PlyCount "85"]

1.e4 c5 2.c3 d5 3.exd5 Qxd5 4.d4 Nf6 5.Nf3 Bg4 6.Be2 e6 7.Na3 Nc6 8.Nb5 
Qd8 9.dxc5 Bxc5 10.O-O O-O 11.Bf4 Nd5 12.Bg3 a6 13.Nbd4 Nxd4 14.Nxd4 Bxe2 
15.Nxe2 Qb6 16.Qb3 Qxb3 17.axb3 Rfd8 18.Rfd1 Nf6 19.b4 Bb6 20.Bh4 Rac8 21.
Kf1 Kf8 22.Bxf6 gxf6 23.Ng3 f5 24.Ke2 Ke7 25.Nf1 e5 26.Rxd8 Rxd8 27.Ne3 
Bxe3 28.Kxe3 Ke6 29.Ra5 f4+ 30.Ke2 Rd6 31.Rc5 h6 32.Rc7 b5 33.b3 f5 34.c4 
bxc4 35.bxc4 Rb6 36.b5 axb5 37.Rh7 Rb8 38.Rxh6+ Ke7 39.c5 b4 40.c6 Rb5 41.
c7 Rc5 42.Rb6 Rxc7 43.Rxb4 1/2-1/2

[Event "33rd World U20 ch"]
[Site "Matinhos BRA"]
[Date "1994.09.??"]
[Round "10"]
[White "Dias, Anderson Tatsch"]
[Black "Escobedo Tinajero, Alberto"]
[Result "1/2-1/2"]
[WhiteElo "2190"]
[BlackElo "2325"]
[EventDate "1994.09.03"]
[PlyCount "60"]

1.d4 Nf6 2.c4 c5 3.d5 b5 4.cxb5 a6 5.bxa6 Bxa6 6.Nc3 d6 7.e4 Bxf1 8.Kxf1 
g6 9.Nf3 Nbd7 10.g3 Bg7 11.Kg2 O-O 12.h3 Ra6 13.Re1 Qa8 14.Qc2 Rb8 15.b3 
Ne8 16.Bd2 Nc7 17.a4 Rab6 18.Rab1 Qb7 19.Re3 Rxb3 20.Rxb3 Qxb3 21.Qxb3 
Rxb3 22.Nb5 Rxe3 23.Bxe3 Na6 24.Nd2 Kf8 25.Nc4 Ne5 26.Nb6 Ke8 27.Bd2 Nd7 
28.Nc4 Ne5 29.Nb6 Nd7 30.Nc4 Ne5 1/2-1/2

[Event "33rd World U20 ch"]
[Site "Matinhos BRA"]
[Date "1994.09.??"]
[Round "10"]
[White "Leitao, Rafael"]
[Black "Russo, Guilherme"]
[Result "1/2-1/2"]
[WhiteElo "2335"]
[BlackElo "2010"]
[EventDate "1994.09.03"]
[PlyCount "86"]

1.d4 d5 2.c4 c6 3.Nf3 Nf6 4.Nc3 dxc4 5.a4 Bf5 6.e3 e6 7.Bxc4 Bb4 8.O-O 
Nbd7 9.Qe2 Bg6 10.e4 Bxc3 11.bxc3 Nxe4 12.Ba3 Qc7 13.Rfc1 O-O-O 14.a5 Kb8 
15.Bb3 Rhe8 16.Nh4 Nef6 17.Nxg6 hxg6 18.c4 c5 19.dxc5 Nxc5 20.Bxc5 Qxc5 
21.a6 b6 22.Ba4 Re7 23.Rab1 Rc7 24.Rd1 Rh8 25.Qd2 Ne4 26.Qe1 Qf5 27.Bc2 
Rxc4 28.Bd3 Rd4 29.Rbc1 Qh5 30.h3 Nc5 31.Be2 Qe5 32.Rxd4 Qxd4 33.Rd1 Qf6 
34.Qd2 Qe7 35.Qd4 e5 36.Qd5 Kc7 37.Bb5 Rd8 38.Qc6+ Kb8 39.Rxd8+ Qxd8 40.g3
Qe7 41.Qd5 Qc7 42.Bf1 Kc8 43.Bb5 Kb8 1/2-1/2

[Event "33rd World U20 ch"]
[Site "Matinhos BRA"]
[Date "1994.09.??"]
[Round "11"]
[White "Vescovi, Giovanni"]
[Black "Spangenberg, Hugo"]
[Result "1/2-1/2"]
[WhiteElo "2455"]
[BlackElo "2530"]
[EventDate "1994.09.03"]
[PlyCount "79"]

1.e4 c5 2.Nf3 Nc6 3.d4 cxd4 4.Nxd4 e6 5.Nb5 d6 6.c4 Nf6 7.N5c3 Be7 8.Be2 
O-O 9.O-O b6 10.Be3 Bb7 11.Nd2 Rc8 12.Rc1 d5 13.cxd5 exd5 14.Nxd5 Nxd5 15.
exd5 Qxd5 16.Nc4 Nd4 17.f3 Nxe2+ 18.Qxe2 Rfe8 19.Rfd1 Qe6 20.b3 Bg5 21.Qd2
Rcd8 22.Qf2 Bf6 23.a4 Rxd1+ 24.Rxd1 Bd5 25.Rc1 h6 26.Bd4 Bg5 27.Rc2 Bf4 
28.g3 Bg5 29.h4 Bd8 30.Kg2 Kh7 31.Rc3 Qd7 32.Re3 Rxe3 33.Qxe3 Qf5 34.Qc3 
Qg6 35.Kf2 Be7 36.Ne3 Be6 37.a5 bxa5 38.Qxa5 Qd3 39.Bxa7 Qxb3 40.Qd2 
1/2-1/2

[Event "33rd World U20 ch"]
[Site "Matinhos BRA"]
[Date "1994.09.??"]
[Round "11"]
[White "Iordachescu, Viorel"]
[Black "Gabriel, Christian"]
[Result "0-1"]
[WhiteElo "2435"]
[BlackElo "2545"]
[EventDate "1994.09.03"]
[PlyCount "78"]

1.e4 e5 2.Nf3 Nc6 3.Bc4 Bc5 4.c3 Nf6 5.d3 d6 6.h3 a6 7.Bb3 h6 8.Nbd2 Ba7 
9.Nf1 Be6 10.Ng3 Qd7 11.Ba4 b5 12.Bb3 d5 13.O-O O-O 14.Qe2 Rfe8 15.Kh2 
Rad8 16.Be3 Bxe3 17.Qxe3 Qd6 18.Rfd1 a5 19.Nh4 a4 20.Bc2 d4 21.Qf3 Qc5 22.
Nhf5 dxc3 23.bxc3 Qxc3 24.Nxh6+ Kf8 25.Nhf5 Nd4 26.Nxd4 Qxd4 27.a3 c5 28.
Ne2 Qd6 29.Rab1 Bd7 30.Nc3 Rb8 31.Rd2 Qa6 32.Qe3 Rec8 33.Qg3 b4 34.Qxe5 
bxc3 35.Rxb8 cxd2 36.Qxc5+ Kg8 37.Rxc8+ Qxc8 38.Qxc8+ Bxc8 39.Kg1 Ba6 0-1

[Event "33rd World U20 ch"]
[Site "Matinhos BRA"]
[Date "1994.09.??"]
[Round "11"]
[White "Votava, Jan"]
[Black "Relange, Eloi"]
[Result "0-1"]
[WhiteElo "2410"]
[BlackElo "2445"]
[EventDate "1994.09.03"]
[PlyCount "58"]

1.e4 d5 2.exd5 Qxd5 3.Qf3 Nf6 4.Qxd5 Nxd5 5.d4 Nb4 6.Na3 Bf5 7.Bf4 c6 8.
Kd2 Nd7 9.c3 Nd5 10.Bg3 g6 11.Bd3 Bh6+ 12.Ke2 Bxd3+ 13.Kxd3 O-O-O 14.Nc4 
Nf4+ 15.Ke3 Nf6 16.Ne5 Rhf8 17.Kf3 N4h5 18.h4 Nxg3 19.fxg3 Bg7 20.Nh3 Nd7 
21.Nc4 e5 22.dxe5 b5 23.Nd6+ Kc7 24.Ne4 Nxe5+ 25.Ke2 Rfe8 26.Rhd1 Nc4 27.
Rxd8 Rxe4+ 28.Kf3 Re3+ 29.Kf2 Kxd8 0-1

[Event "33rd World U20 ch"]
[Site "Matinhos BRA"]
[Date "1994.09.??"]
[Round "11"]
[White "Pedersen, Steffen"]
[Black "Jaracz, Pawel"]
[Result "1/2-1/2"]
[WhiteElo "2415"]
[BlackElo "2415"]
[EventDate "1994.09.03"]
[PlyCount "40"]

1.d4 d6 2.e4 Nf6 3.Bd3 e5 4.c3 Nc6 5.Nf3 Bg4 6.d5 Ne7 7.h3 Bd7 8.c4 g6 9.
Nc3 Bg7 10.Be3 O-O 11.g4 c6 12.Qd2 b5 13.dxc6 bxc4 14.g5 Nh5 15.cxd7 cxd3 
16.Qxd3 Qxd7 17.O-O-O Rfd8 18.Qa6 Qe6 19.Kb1 Nf4 20.h4 Qg4 1/2-1/2

[Event "33rd World U20 ch"]
[Site "Matinhos BRA"]
[Date "1994.09.??"]
[Round "11"]
[White "Nalbandian, Tigran"]
[Black "Al-Modiahki, Mohamad"]
[Result "0-1"]
[WhiteElo "2455"]
[BlackElo "2370"]
[EventDate "1994.09.03"]
[PlyCount "58"]

1.Nf3 Nf6 2.d4 g6 3.Bf4 Bg7 4.e3 d6 5.Be2 O-O 6.O-O Nbd7 7.h3 Qe8 8.c4 e5 
9.Bh2 Qe7 10.Nc3 c6 11.Qc2 Ne8 12.b4 f5 13.b5 Nc7 14.bxc6 bxc6 15.Qa4 c5 
16.Qc6 Nb8 17.Qa4 cxd4 18.exd4 e4 19.c5 dxc5 20.Ne5 cxd4 21.Qxd4 f4 22.
Bc4+ Kh8 23.Nd5 Nxd5 24.Qxd5 Bxe5 25.Rab1 Ba6 26.Rfc1 Bxc4 27.Rxc4 Nd7 28.
Rxe4 Rad8 29.Rb7 Qc5 0-1

[Event "33rd World U20 ch"]
[Site "Matinhos BRA"]
[Date "1994.09.??"]
[Round "11"]
[White "Waitzkin, Joshua"]
[Black "Barkhagen, Jonas"]
[Result "0-1"]
[WhiteElo "2415"]
[BlackElo "2400"]
[EventDate "1994.09.03"]
[PlyCount "52"]

1.e4 e5 2.Nf3 Nc6 3.Bc4 Bc5 4.c3 Nf6 5.d3 O-O 6.O-O d6 7.Bb3 h6 8.Re1 Re8 
9.Nbd2 Be6 10.Nc4 b5 11.Ne3 d5 12.exd5 Nxd5 13.Nf1 a5 14.Nxe5 Bxf2+ 15.
Kxf2 Nxe5 16.Kg1 Bg4 17.Qd2 a4 18.Bc2 Bf5 19.Ng3 Bg6 20.Ne4 Qh4 21.Rf1 Ng4
22.g3 Qh3 23.Bd1 Nde3 24.Re1 Nxd1 25.Rxd1 Bxe4 26.dxe4 Rad8 0-1

[Event "33rd World U20 ch"]
[Site "Matinhos BRA"]
[Date "1994.09.??"]
[Round "11"]
[White "Riegler, Primoz"]
[Black "Oratovsky, Michael"]
[Result "1/2-1/2"]
[WhiteElo "2250"]
[BlackElo "2520"]
[EventDate "1994.09.03"]
[PlyCount "83"]

1.e4 c5 2.Nf3 e6 3.d4 cxd4 4.Nxd4 a6 5.Nc3 b5 6.Bd3 Qb6 7.Nb3 Qc7 8.O-O 
Bb7 9.Qe2 Nf6 10.f4 b4 11.Nd1 d6 12.Kh1 Be7 13.Bd2 Nc6 14.Nf2 a5 15.c3 d5 
16.e5 Nd7 17.Rac1 bxc3 18.Bxc3 Qb6 19.Bb5 Ba6 20.Bxa6 Qxa6 21.Qxa6 Rxa6 
22.Nd4 Ndb8 23.Nd3 Nxd4 24.Bxd4 Rc6 25.Kg1 Kd7 26.Kf2 Rhc8 27.Ke3 Na6 28.
Kd2 Nb4 29.Rxc6 Rxc6 30.Bc3 Rc4 31.b3 Re4 32.g3 Nxd3 33.Kxd3 Bb4 34.Bd4 g6
35.Rc1 Re1 36.Rxe1 Bxe1 37.Bc3 Bxc3 38.Kxc3 Kc6 39.Kd4 Kb5 40.a3 h5 41.h4 
Kc6 42.Kd3 1/2-1/2

[Event "33rd World U20 ch"]
[Site "Matinhos BRA"]
[Date "1994.09.??"]
[Round "11"]
[White "Barria Zuniga, Daniel"]
[Black "Del Rio Angelis, Salvador Gabriel"]
[Result "0-1"]
[WhiteElo "2340"]
[BlackElo "2350"]
[EventDate "1994.09.03"]
[PlyCount "48"]

1.e4 c5 2.Nf3 Nc6 3.d4 cxd4 4.Nxd4 Nf6 5.Nc3 e5 6.Ndb5 d6 7.Bg5 a6 8.Na3 
Be6 9.Nc4 Rc8 10.Bxf6 gxf6 11.Bd3 Ne7 12.Ne3 Bh6 13.O-O Bxe3 14.fxe3 Qb6 
15.Rb1 Qxe3+ 16.Kh1 Qg5 17.Qf3 Rg8 18.Rf2 Rg6 19.Nd5 Bxd5 20.exd5 f5 21.
Qe2 e4 22.Bc4 e3 23.Rf3 Rxc4 24.Rg3 Rg4 0-1

[Event "33rd World U20 ch"]
[Site "Matinhos BRA"]
[Date "1994.09.??"]
[Round "11"]
[White "Szuhanek, Ranko"]
[Black "Goldgewicht, Lionel"]
[Result "1/2-1/2"]
[WhiteElo "2350"]
[BlackElo "2300"]
[EventDate "1994.09.03"]
[PlyCount "34"]

1.c4 e6 2.Nf3 f5 3.g3 Nf6 4.Bg2 Be7 5.O-O O-O 6.Nc3 d6 7.d3 Nc6 8.Rb1 Qe8 
9.b4 Qh5 10.Re1 Kh8 11.Bd2 Nd8 12.e4 fxe4 13.dxe4 e5 14.Nd5 Nxd5 15.cxd5 
Bg4 16.Rb3 c6 17.Qe2 cxd5 1/2-1/2

[Event "33rd World U20 ch"]
[Site "Matinhos BRA"]
[Date "1994.09.??"]
[Round "11"]
[White "Escobedo Tinajero, Alberto"]
[Black "Dos Santos, Ramiro"]
[Result "0-1"]
[WhiteElo "2325"]
[BlackElo "2315"]
[EventDate "1994.09.03"]
[PlyCount "81"]

1.b4 e5 2.Bb2 f6 3.a3 d5 4.e3 Be6 5.d3 Bd6 6.Be2 Nd7 7.Nd2 f5 8.Ngf3 Ngf6 
9.c4 c6 10.Ng5 Qe7 11.e4 O-O 12.Nxe6 Qxe6 13.O-O Rac8 14.Rc1 Bb8 15.cxd5 
cxd5 16.Qb3 Nb6 17.Bf3 Qd7 18.g3 Kh8 19.exd5 Nfxd5 20.Nc4 Nxc4 21.dxc4 Nf6
22.c5 e4 23.Rcd1 Qe8 24.Bg2 Qh5 25.f3 f4 26.g4 Qh4 27.Qc3 e3 28.Rd5 Rcd8 
29.Rxd8 Rxd8 30.Qc4 Rd2 31.Bc3 Rf2 32.Be1 Nxg4 33.fxg4 f3 34.Rxf2 exf2+ 
35.Bxf2 Qxh2+ 36.Kf1 fxg2+ 37.Ke1 g1=Q+ 38.Bxg1 Qxg1+ 39.Ke2 Qg2+ 40.Kd1 
Qf3+ 41.Kc2 0-1

[Event "33rd World U20 ch"]
[Site "Matinhos BRA"]
[Date "1994.09.??"]
[Round "11"]
[White "Dias, Anderson Tatsch"]
[Black "Pelletier, Yannick"]
[Result "0-1"]
[WhiteElo "2190"]
[BlackElo "2350"]
[EventDate "1994.09.03"]
[PlyCount "104"]

1.d4 d5 2.Nf3 c6 3.c4 Nf6 4.Nc3 e6 5.Bg5 dxc4 6.e4 b5 7.e5 h6 8.Bh4 g5 9.
Nxg5 hxg5 10.Bxg5 Nbd7 11.g3 Bb7 12.Bg2 Qb6 13.exf6 O-O-O 14.O-O c5 15.d5 
b4 16.Na4 Qb5 17.a3 exd5 18.axb4 cxb4 19.Qg4 Bh6 20.Rfd1 Rhg8 21.h4 Bxg5 
22.hxg5 Bc6 23.Rd4 Kb7 24.b3 Qa5 25.Qd1 Nc5 26.Nb2 Qb6 27.Bxd5 Nxb3 28.
Bxc6+ Kb8 29.Rxd8+ Rxd8 30.Qf3 Nxa1 31.Qf4+ Kc8 32.Qxc4 Rd4 33.Qc1 Nb3 34.
Qe3 Qxc6 35.Qxb3 Qd5 36.Qa4 Re4 37.Qc2+ Kb8 38.Nd3 Rc4 39.Qe2 Qe4 40.Qf1 
Rc3 41.Nf4 Qc6 42.Ne2 Rc5 43.Qd1 Rd5 44.Qb3 a5 45.g6 Rh5 46.f3 Qxf6 47.
gxf7 Rf5 48.Qd3 Qxf7 49.Qd8+ Kb7 50.Nf4 Qc7 51.Qe8 Re5 52.Ne6 Qb6+ 0-1

[Event "33rd World U20 ch"]
[Site "Matinhos BRA"]
[Date "1994.09.??"]
[Round "11"]
[White "Vitor, Antonio"]
[Black "Leitao, Rafael"]
[Result "1/2-1/2"]
[WhiteElo "2195"]
[BlackElo "2335"]
[EventDate "1994.09.03"]
[PlyCount "42"]

1.Nf3 d5 2.d4 Nf6 3.e3 c6 4.c4 e6 5.Nbd2 Nbd7 6.Bd3 Bd6 7.O-O O-O 8.e4 
dxe4 9.Nxe4 Nxe4 10.Bxe4 c5 11.h3 Qe7 12.Qe2 e5 13.dxe5 Nxe5 14.Bf4 Nxf3+ 
15.Qxf3 Bxf4 16.Qxf4 Be6 17.Rfe1 Rad8 18.Bd5 Qd6 19.Qxd6 Rxd6 20.Bxe6 fxe6
21.Re2 Rfd8 1/2-1/2

[Event "33rd World U20 ch"]
[Site "Matinhos BRA"]
[Date "1994.09.??"]
[Round "11"]
[White "Renteria Becerra, Jorge"]
[Black "Milanovic, Danilo"]
[Result "1-0"]
[WhiteElo "2205"]
[BlackElo "2325"]
[EventDate "1994.09.03"]
[PlyCount "101"]

1.e4 c5 2.Nf3 Nc6 3.d4 cxd4 4.Nxd4 Nf6 5.Nc3 e5 6.Ndb5 d6 7.Bg5 a6 8.Na3 
b5 9.Nd5 Be7 10.Bxf6 Bxf6 11.c3 Bg5 12.Nc2 O-O 13.a4 bxa4 14.Rxa4 Bb7 15.
Bd3 Ne7 16.Nxe7+ Qxe7 17.O-O a5 18.Qe2 Bc6 19.Ra2 Qb7 20.Rfa1 f5 21.exf5 
e4 22.Bc4+ d5 23.Qg4 Be7 24.Bf1 a4 25.Nd4 Bd7 26.Qd1 Rab8 27.Qd2 Bc5 28.g4
Qc7 29.Ne2 Bc6 30.Nd4 Rbe8 31.Rd1 Re5 32.Re1 g6 33.Bh3 Bd7 34.Re3 Re7 35.
Kh1 Qf4 36.Re2 Qd6 37.Ra1 Bb6 38.Rg1 Bc7 39.Rg2 Rg7 40.f3 exf3 41.Nxf3 
gxf5 42.gxf5 Bxf5 43.Rxg7+ Kxg7 44.Qd4+ Kg8 45.Bxf5 Rxf5 46.Rg2+ Kf7 47.
Rg7+ Ke8 48.Qe3+ Kf8 49.Rxh7 Qf6 50.Qc5+ Qd6 51.Qd4 1-0

[Event "33rd World U20 ch"]
[Site "Matinhos BRA"]
[Date "1994.09.??"]
[Round "11"]
[White "Cukier, Marcelo"]
[Black "Dominguez Diaz, Mauricio"]
[Result "1/2-1/2"]
[WhiteElo "2290"]
[BlackElo "2085"]
[EventDate "1994.09.03"]
[PlyCount "117"]

1.e4 e5 2.Nf3 Nc6 3.Bb5 a6 4.Ba4 Nf6 5.O-O Be7 6.Bxc6 dxc6 7.d3 Bg4 8.Nbd2
Nd7 9.h3 Bh5 10.Nc4 Bxf3 11.Qxf3 Bf6 12.b3 Nf8 13.Bb2 Ng6 14.Rad1 Qe7 15.
a4 O-O-O 16.Qe3 Kb8 17.Ba3 Qd7 18.b4 Qd4 19.Qd2 h5 20.Bb2 Qd7 21.Ra1 Qe6 
22.Qe3 Nf4 23.Qf3 g5 24.Qd1 Rdg8 25.Kh2 g4 26.h4 Ng6 27.g3 Qe7 28.Ne3 Bxh4
29.Nf5 Qf6 30.gxh4 Nxh4 31.Rh1 Nxf5 32.exf5 Qxf5 33.Qe2 Qf4+ 34.Kg2 f6 35.
Bc3 h4 36.Bd2 h3+ 37.Kf1 Qd4 38.c3 Qd5 39.Qe4 Qe6 40.Re1 Qa2 41.Ke2 g3 42.
fxg3 Rxg3 43.Reg1 Rhg8 44.Rxg3 Rxg3 45.Rh2 Qg8 46.Rf2 Rg2 47.Qf3 Rxf2+ 48.
Qxf2 f5 49.Kf1 Qg4 50.Be1 f4 51.a5 Qd1 52.Qd2 Qg4 53.Qf2 Qd1 54.d4 Qh5 55.
Kg1 Qg4+ 56.Kh2 e4 57.Qg1 Qf3 58.Qf2 Qg4 59.Qg1 1/2-1/2

[Event "33rd World U20 ch"]
[Site "Matinhos BRA"]
[Date "1994.09.??"]
[Round "11"]
[White "Russo, Guilherme"]
[Black "Pingitzer, Harald"]
[Result "1-0"]
[WhiteElo "2010"]
[BlackElo "2250"]
[EventDate "1994.09.03"]
[PlyCount "139"]

1.d4 d5 2.c4 e6 3.Nc3 c6 4.Nf3 Nf6 5.Bg5 dxc4 6.e4 b5 7.e5 h6 8.Bh4 g5 9.
Nxg5 hxg5 10.Bxg5 Nbd7 11.exf6 Bb7 12.g3 Qb6 13.Bg2 c5 14.d5 O-O-O 15.O-O 
b4 16.Na4 Qb5 17.a3 Nb8 18.axb4 cxb4 19.Qg4 Bxd5 20.Rfc1 Nc6 21.Bxd5 Rxd5 
22.Qxc4 Kb7 23.Be3 Qxc4 24.Rxc4 Ne5 25.Rf4 Bd6 26.Kg2 Nd7 27.Rc4 Rhh5 28.
Nc3 Ra5 29.Rxa5 Rxa5 30.Ne4 Bf8 31.Ng5 Ne5 32.Re4 Rd5 33.h4 a5 34.h5 Nd3 
35.Nxf7 a4 36.h6 a3 37.bxa3 b3 38.Rxe6 Rb5 39.Re7+ Kc6 40.Bd4 Rh5 41.h7 
Kd5 42.Rd7+ Kc6 43.h8=Q Rxh8 44.Nxh8 Kxd7 45.Ng6 Bxa3 46.f7 Ke6 47.f8=Q 
Bxf8 48.Nxf8+ Kd5 49.Ba1 Ke4 50.Ne6 b2 51.Bxb2 Nxb2 52.g4 Nd3 53.Kg3 Ke5 
54.Ng5 Kf6 55.f4 Ne1 56.Nf3 Nd3 57.Nh4 Kg7 58.g5 Nb4 59.f5 Nd5 60.Ng2 Kf7 
61.Kf3 Ke7 62.Nf4 Nc3 63.Nh5 Nb5 64.g6 Nd6 65.Kf4 Kf8 66.f6 Nb7 67.Ng3 Nd8
68.Nf5 Ne6+ 69.Ke5 Nc7 70.g7+ 1-0

[Event "33rd World U20 ch"]
[Site "Matinhos BRA"]
[Date "1994.09.??"]
[Round "12"]
[White "Gabriel, Christian"]
[Black "Kumaran, Dharshan"]
[Result "1-0"]
[WhiteElo "2545"]
[BlackElo "2495"]
[EventDate "1994.09.03"]
[PlyCount "89"]

1.d4 d5 2.c4 dxc4 3.Nf3 Nf6 4.e3 e6 5.Bxc4 c5 6.O-O a6 7.b3 b5 8.Be2 Nbd7 
9.Bb2 Bb7 10.Nbd2 Be7 11.a4 bxa4 12.bxa4 O-O 13.a5 Rb8 14.Nc4 Bd5 15.Qc2 
Be4 16.Qd2 cxd4 17.Nxd4 Bb4 18.Bc3 Qe7 19.f3 Bd5 20.Bxb4 Rxb4 21.Nb2 Rbb8 
22.Nd3 e5 23.Nf5 Qe6 24.e4 Bc4 25.Rfc1 Rfc8 26.Rc3 Bb5 27.Rac1 Rxc3 28.
Qxc3 g6 29.Ne3 Qa2 30.Rc2 Qb1+ 31.Kf2 Bxd3 32.Qxd3 Qa1 33.Qxa6 Rb3 34.Qc4 
Qa3 35.Nd1 Rb4 36.Ra2 Rxc4 37.Rxa3 Rc7 38.a6 Ra7 39.Rc3 Kg7 40.Rc8 Nb6 41.
Rc6 Nfd7 42.Nc3 Kf8 43.Bb5 Ke7 44.Nd5+ Nxd5 45.exd5 1-0

[Event "33rd World U20 ch"]
[Site "Matinhos BRA"]
[Date "1994.09.??"]
[Round "12"]
[White "Spangenberg, Hugo"]
[Black "Relange, Eloi"]
[Result "1-0"]
[WhiteElo "2530"]
[BlackElo "2445"]
[EventDate "1994.09.03"]
[PlyCount "57"]

1.Nf3 d5 2.d4 c6 3.Bf4 Nf6 4.c3 Bf5 5.e3 e6 6.Bd3 Bxd3 7.Qxd3 Bd6 8.Nbd2 
O-O 9.O-O Qc7 10.Bxd6 Qxd6 11.Ne5 Nfd7 12.f4 f6 13.Nef3 f5 14.Kh1 Nf6 15.
Ne5 Nbd7 16.Qe2 Qe7 17.Ndf3 Nxe5 18.Nxe5 Kh8 19.Rf3 Nd7 20.Nxd7 Qxd7 21.
Rg1 Qf7 22.g4 fxg4 23.Rxg4 Qf5 24.Rfg3 Rf7 25.h3 Qb1+ 26.Rg1 Qxa2 27.Rh4 
Rf6 28.Qh5 h6 29.Qg5 1-0

[Event "33rd World U20 ch"]
[Site "Matinhos BRA"]
[Date "1994.09.??"]
[Round "12"]
[White "Gretarsson, Helgi Ass"]
[Black "Miladinovic, Igor"]
[Result "1-0"]
[WhiteElo "2450"]
[BlackElo "2500"]
[EventDate "1994.09.03"]
[PlyCount "121"]

1.d4 d5 2.Nf3 Nf6 3.c4 e6 4.Nc3 Be7 5.Bg5 O-O 6.e3 a6 7.Qc2 h6 8.Bh4 Nbd7 
9.cxd5 exd5 10.Bd3 c5 11.Bf5 b5 12.Bxd7 Qxd7 13.dxc5 g5 14.Bg3 Bxc5 15.Rd1
Be7 16.Nd4 Bd6 17.O-O b4 18.Na4 Bxg3 19.fxg3 Qe7 20.Nb6 Rb8 21.Rxf6 Qxf6 
22.Nxd5 Qg7 23.Nc6 Be6 24.Nxb8 Rxb8 25.Ne7+ Kh8 26.Qc7 Rf8 27.Rd8 Kh7 28.
Qb8 Qxb2 29.Rxf8 Qc1+ 30.Kf2 Qc2+ 31.Kf3 Qd1+ 32.Ke4 Qc2+ 33.Ke5 Qc3+ 34.
Kd6 Qd3+ 35.Kc7 Qd7+ 36.Kb6 Qxe7 37.Qd8 Qxd8+ 38.Rxd8 Bxa2 39.Kxa6 Bc4+ 
40.Ka5 b3 41.Rb8 Bd5 42.Kb4 Kg6 43.Kc3 Kf5 44.Rb4 Ke5 45.Kd3 Be6 46.Rb5+ 
Kf6 47.h3 Kg6 48.Kc3 Kf6 49.g4 Kg6 50.g3 Kg7 51.e4 Kf6 52.e5+ Kg7 53.Rb8 
Kg6 54.Rb6 h5 55.Rxe6+ fxe6 56.gxh5+ Kxh5 57.Kxb3 g4 58.h4 Kg6 59.Kc4 Kf7 
60.Kd4 Kg6 61.Kc5 1-0

[Event "33rd World U20 ch"]
[Site "Matinhos BRA"]
[Date "1994.09.??"]
[Round "12"]
[White "Al-Modiahki, Mohamad"]
[Black "Votava, Jan"]
[Result "0-1"]
[WhiteElo "2370"]
[BlackElo "2410"]
[EventDate "1994.09.03"]
[PlyCount "79"]

1.e4 e5 2.Nf3 Nc6 3.Bb5 a6 4.Ba4 Nf6 5.O-O Be7 6.Bxc6 dxc6 7.Qe1 Nd7 8.b3 
c5 9.Bb2 Bd6 10.a4 Qe7 11.Na3 Nb8 12.Nc4 Nc6 13.Qe3 O-O 14.Ne1 Be6 15.Nxd6
cxd6 16.f4 f6 17.Nf3 b5 18.fxe5 dxe5 19.Rfc1 b4 20.d3 Nd4 21.a5 Bg4 22.Kh1
Bxf3 23.gxf3 f5 24.exf5 Rxf5 25.Bxd4 cxd4 26.Qe4 Raf8 27.Rf1 Qc5 28.Rf2 
Qb5 29.Ra4 Rf4 30.Qe2 h6 31.Kg2 g5 32.h3 h5 33.Kh2 Kh7 34.Ra1 Kh6 35.Re1 
R8f5 36.Ra1 Qb8 37.Kg2 Qb7 38.Raf1 Kg6 39.Kh2 Qd5 40.Kg2 0-1

[Event "33rd World U20 ch"]
[Site "Matinhos BRA"]
[Date "1994.09.??"]
[Round "12"]
[White "Barkhagen, Jonas"]
[Black "Mariano, Nelson"]
[Result "1/2-1/2"]
[WhiteElo "2400"]
[BlackElo "2345"]
[EventDate "1994.09.03"]
[PlyCount "82"]

1.b3 Nf6 2.Bb2 d6 3.Bxf6 exf6 4.g3 g6 5.c4 Bg7 6.Nc3 O-O 7.Bg2 Nc6 8.e3 
Bf5 9.Nge2 h5 10.d4 Re8 11.O-O Qc8 12.Nf4 Bg4 13.Qc2 Ne7 14.Rfe1 c6 15.b4 
g5 16.Nd3 Be6 17.Ne4 Qd8 18.c5 Nc8 19.cxd6 Nxd6 20.Nxd6 Qxd6 21.Nc5 Re7 
22.Nxe6 Qxe6 23.Red1 f5 24.Bh3 g4 25.Bg2 Rd8 26.Rac1 h4 27.Qc4 h3 28.Qxe6 
fxe6 29.Bf1 Kf7 30.b5 cxb5 31.Bxb5 Kf6 32.Kf1 Rd6 33.Ba4 a6 34.Bb3 a5 35.
Rc5 b6 36.Rb5 Rc7 37.Ke2 Bf8 38.d5 exd5 39.Rbxd5 Rxd5 40.Rxd5 Rc1 41.Rd1 
Rxd1 1/2-1/2

[Event "33rd World U20 ch"]
[Site "Matinhos BRA"]
[Date "1994.09.??"]
[Round "12"]
[White "Jaracz, Pawel"]
[Black "Kovacevic, Blazimir"]
[Result "0-1"]
[WhiteElo "2415"]
[BlackElo "2315"]
[EventDate "1994.09.03"]
[PlyCount "62"]

1.d4 e6 2.c4 f5 3.Nf3 Nf6 4.g3 c6 5.Bg2 d5 6.Nbd2 Bd6 7.b3 O-O 8.Bb2 Bd7 
9.Ne5 Be8 10.O-O Nbd7 11.Nd3 Bh5 12.a3 Qe7 13.Nf3 Ne4 14.Qc2 g5 15.Nfe5 
Bg6 16.f3 Nef6 17.b4 dxc4 18.Qxc4 Nd5 19.Rf2 f4 20.Nc5 Nxe5 21.dxe5 Bxc5 
22.Qxc5 Qxc5 23.bxc5 Ne3 24.gxf4 gxf4 25.h4 Rad8 26.Bh3 Kf7 27.Rh2 Rg8 28.
Kh1 h5 29.Rg1 Bf5 30.Re1 Bxh3 31.Rxh3 Nd1 0-1

[Event "33rd World U20 ch"]
[Site "Matinhos BRA"]
[Date "1994.09.??"]
[Round "12"]
[White "Dos Santos, Ramiro"]
[Black "Pedersen, Steffen"]
[Result "1/2-1/2"]
[WhiteElo "2315"]
[BlackElo "2415"]
[EventDate "1994.09.03"]
[PlyCount "45"]

1.e4 c5 2.b3 Nf6 3.e5 Nd5 4.Bb2 Nc6 5.Nf3 d6 6.Bb5 Bd7 7.exd6 e6 8.O-O 
Bxd6 9.d4 O-O 10.Nbd2 Nxd4 11.Nxd4 cxd4 12.Bxd7 Qxd7 13.Bxd4 Rfd8 14.Ne4 
Bf8 15.Qf3 Qc7 16.c4 Nf4 17.Rad1 Ng6 18.Nc3 Qa5 19.Na4 b6 20.g3 Rab8 21.
Qe2 Qf5 22.Rd2 Bb4 23.Bc3 1/2-1/2

[Event "33rd World U20 ch"]
[Site "Matinhos BRA"]
[Date "1994.09.??"]
[Round "12"]
[White "Renteria Becerra, Jorge"]
[Black "Nalbandian, Tigran"]
[Result "0-1"]
[WhiteElo "2205"]
[BlackElo "2455"]
[EventDate "1994.09.03"]
[PlyCount "68"]

1.e4 c5 2.Nf3 d6 3.d4 cxd4 4.Nxd4 Nf6 5.Nc3 a6 6.Bg5 e6 7.f4 Be7 8.Qf3 Qc7
9.O-O-O Nbd7 10.g4 b5 11.Bxf6 gxf6 12.f5 Ne5 13.Qh3 O-O 14.Rg1 Kh8 15.Nce2
Qb7 16.Qb3 Nc4 17.Ng3 Qc7 18.Nh5 Rg8 19.Qc3 e5 20.Nf3 Bb7 21.Bxc4 Qxc4 22.
Qxc4 bxc4 23.Rde1 c3 24.bxc3 d5 25.Nd2 dxe4 26.Nxe4 Rgd8 27.Kb2 Rab8 28.
Ka1 Bxe4 29.Rxe4 Ba3 30.Rb4 Bxb4 31.cxb4 Rxb4 32.Nxf6 Rd2 33.a3 Rc4 34.Rg3
Rcxc2 0-1

[Event "33rd World U20 ch"]
[Site "Matinhos BRA"]
[Date "1994.09.??"]
[Round "12"]
[White "Goldgewicht, Lionel"]
[Black "Barria Zuniga, Daniel"]
[Result "1/2-1/2"]
[WhiteElo "2300"]
[BlackElo "2340"]
[EventDate "1994.09.03"]
[PlyCount "34"]

1.e4 g6 2.d4 Bg7 3.Nc3 d6 4.Nf3 Nf6 5.Be2 O-O 6.O-O Bg4 7.Be3 Nc6 8.Nd2 
Bxe2 9.Qxe2 e5 10.d5 Ne7 11.Nc4 Nd7 12.Rfd1 f5 13.f3 b6 14.a4 a6 15.Nd2 f4
16.Bf2 h5 17.Na2 a5 1/2-1/2

[Event "33rd World U20 ch"]
[Site "Matinhos BRA"]
[Date "1994.09.??"]
[Round "12"]
[White "Pelletier, Yannick"]
[Black "Riegler, Primoz"]
[Result "1/2-1/2"]
[WhiteElo "2350"]
[BlackElo "2250"]
[EventDate "1994.09.03"]
[PlyCount "75"]

1.d4 Nf6 2.c4 g6 3.Nc3 Bg7 4.e4 d6 5.Nf3 O-O 6.Be2 e5 7.O-O Nc6 8.Be3 Ng4 
9.Bg5 f6 10.Bh4 Kh8 11.dxe5 dxe5 12.c5 Be6 13.Qa4 Nh6 14.h3 g5 15.Bg3 Qe8 
16.Rfd1 a6 17.Rd2 Qf7 18.Nd5 Ng8 19.Rad1 h5 20.Bc4 Rfd8 21.Ne3 Bxc4 22.
Qxc4 Qxc4 23.Nxc4 Rxd2 24.Rxd2 Rd8 25.a3 Rxd2 26.Nfxd2 h4 27.Bh2 Bf8 28.
Nb3 Nge7 29.Kf1 Kg8 30.f3 Kf7 31.Bg1 Ke6 32.Nba5 Nd8 33.b4 Ng6 34.Be3 Kd7 
35.Ke2 Kc8 36.Nb3 Kd7 37.Nba5 Kc8 38.Nb3 1/2-1/2

[Event "33rd World U20 ch"]
[Site "Matinhos BRA"]
[Date "1994.09.??"]
[Round "12"]
[White "Nordahl, Helge"]
[Black "Vitor, Antonio"]
[Result "1/2-1/2"]
[WhiteElo "2245"]
[BlackElo "2195"]
[EventDate "1994.09.03"]
[PlyCount "24"]

1.d4 Nc6 2.Nf3 d6 3.d5 Ne5 4.Nxe5 dxe5 5.e4 e6 6.Bb5+ Bd7 7.Bxd7+ Qxd7 8.
O-O Nf6 9.dxe6 Qxe6 10.Qe2 c6 11.Bg5 Nd7 12.Nd2 Bc5 1/2-1/2

[Event "33rd World U20 ch"]
[Site "Matinhos BRA"]
[Date "1994.09.??"]
[Round "12"]
[White "Leitao, Rafael"]
[Black "Dominguez Diaz, Mauricio"]
[Result "1-0"]
[WhiteElo "2335"]
[BlackElo "2085"]
[EventDate "1994.09.03"]
[PlyCount "73"]

1.d4 Nf6 2.c4 g6 3.Nc3 Bg7 4.e4 d6 5.Be2 O-O 6.Bg5 c5 7.d5 h6 8.Be3 e6 9.
Qd2 exd5 10.exd5 Kh7 11.h3 Re8 12.Bd3 a6 13.Nf3 b5 14.cxb5 Bb7 15.O-O Bxd5
16.Nxd5 Nxd5 17.Bxg6+ fxg6 18.Qxd5 Ra7 19.Rad1 Rd7 20.Qd3 Bxb2 21.Bxh6 
Kxh6 22.Qd2+ Kh7 23.Qxb2 d5 24.Qc3 Qb6 25.Ng5+ Kg8 26.Rfe1 Rde7 27.Rxe7 
Rxe7 28.Rxd5 Nd7 29.Qd3 Nf8 30.Rd6 Re1+ 31.Kh2 Qc7 32.Qg3 Re7 33.Rxa6 Qb7 
34.a4 c4 35.Rc6 Nd7 36.Rxg6+ Rg7 37.Ne6 1-0